=LDR 00000nam 2200000 4500 =001 NUTBA000000000000468 =005 20140324142022.0 =006 =007 =008 =020 ##$$a 978-979-29-1371-2 =035 ##$$0010-031400000000467 =082 ##$$a 362.82 =090 ##$$a 362.82 San d =100 ##$$a Situmorang, T. Sandi =245 ##$$a DICARI! Ibu Tiri yng Baik Hati =250 ##$$a Ed.I =260 ##$$a Jogjakarta $b Andi $c 2010 =300 ##$$a iv, 156 hlm $c 19 cm =850 ##$$a NBPNMAT =990 ##$$a 91357/BPAP-NTB/2014 =990 ##$$a 91358/BPAP-NTB/2014 =990 ##$$a 0001/BPAP-NTB/20142015